01122nam a2200301 i 4500001001000000003000900010005001700019007000300036008004100039020001800080040003000098041000800128082002500136100003800161245017600199250002200375264006000397300004600457336002700503337003300530338002800563500003400591500002700625504003200652600003600684651006400720700003600784000028585DO-SdBNP20260213105210.0ta110411s2010 dr 001 0 spa d a9789993427162 aDO-SdBNPbspacBNPHUerda aspa 4a972.93054bB742b2221 aBosch, Brian J.eautord1906-200210aBalaguer y los militares dominicanos :buna divina jerarquía de oficiales durante la décadas de los años sesenta y setenta /cBrian J. Bosch ; Bernardo Vega, editor. aSegunda edición aSanto Domingo :bFundación Cultura Dominicana,c2010. a418 páginas :bilustraciones ;c24 cm. ardacontentbtexto2txt ardamediabsin mediación2n ardacarrierbvolumen2nc aIncluye índice onomástico aTraducido del inglés aBibliografía : P. 405-40610aBalaguer, Joaquín,d1906-2002 4aRepública DominicanaxFuerzas armadasxHistoriaySiglo XX12aVega, Bernardo,d1938 -eeditor